000
00197nam a2200085Ia 4500
008
120527s9999 xx 000 0 und d
100
_a
Farley, J.
245
_a
Majority-minority relation
942
_c
BK
999
_c
27376
_d
27376